000 01048nam a22002657a 4500
005 2009080405165.0
008 090728t xxu||||| |||| 00| 0 pun d
010 _aPUN-7448
020 _c560.00
_a81876542315
035 _aPN-6566
037 _bDBAD / PUB/Manpreet Prakashan
040 _adpl
_bPN
082 _a851.08
100 _937323
_aਗਿੱਲ, ਮਹਿੰਦਰ ਕੋਰ
245 _aਹਮਰੀ ਗਤਿ-ਮਿਤਿ /
_cਮਹਿੰਦਰ ਕੋਰ ਗਿੱਲ
246 _aHamri Gat-Mit
_bby Mohinder Kaur Gill
260 _aDelhi
_bManpreet Prakashan
_c2011
270 _b16/16,1st Floor,Geeta Colony
_aDelhi
_k9312271252
_e110031
_mmanpreet1948@gmail.com
300 _a368ਪਂ;
_b21ਸੇਂਮੀ(ਸਜਿਲਦ)
650 _937324
650 _937325
700 _953424
942 _2ddc
_cPN
_h851.08
_mਗਿੱਲਮ
999 _c71155
_d71155